Analýza vnútorných procesov axiálneho piestového hydrostatického generátora. /

Salvato in:
Dettagli Bibliografici
Autore principale: Ivantyšyn, Jaroslav (Autore)
Natura: Manoscritto Libro
Pubblicazione: Bratislava : SVŠT v Bratislave SjF, 1975
Tags: Aggiungi Tag
Nessun Tag, puoi essere il primo ad aggiungerne!!

MARC

LEADER 00000ntm a22000003a 4500
001 stu47556
005 20150617225711.0
008 ------s1975----cs----------------------d
040 |a STU  |b slo 
041 0
044 |a cs 
080 |a 621.225 
100 1 |a Ivantyšyn, Jaroslav  |4 aut 
245 1 |a Analýza vnútorných procesov axiálneho piestového hydrostatického generátora. /  |c [aut.] Ivantyšyn,Jaroslav 
260 |a Bratislava :  |b SVŠT v Bratislave SjF,  |c 1975 
300 |a 121 s 
996 |b J53512  |c J*53512/DIZ.  |l JJSK  |s A  |a 24  |w stu47556_0001